El balance mensual de resultados (Registro nro. 1954)

Detalles MARC
000 -LEADER
fixed length control field 00900 a2200205 4500
001 - CONTROL NUMBER
control field 29770
005 - DATE AND TIME OF LATEST TRANSACTION
control field 20260407155608.0
008 - FIXED-LENGTH DATA ELEMENTS--GENERAL INFORMATION
fixed length control field 260407a1950 arg spa d
003 - CONTROL NUMBER IDENTIFIER
control field AR-UNSa-BCEJYS
040 ## - CATALOGING SOURCE
Original cataloging agency AR-UNSa-BCEJYS
Language of cataloging spa
Transcribing agency AR-UNSa-BCEJYS
080 ## - UNIVERSAL DECIMAL CLASSIFICATION NUMBER
Universal Decimal Classification number 657.36
Common auxiliary subdivision Balances de comprobación (balance estimativo). Balances de saldo. Balance intermedio
100 1# - MAIN ENTRY--PERSONAL NAME
Personal name Cholvis, Francisco
245 10 - TITLE STATEMENT
Title El balance mensual de resultados
250 ## - EDITION STATEMENT
Edition statement 5a.ed
264 #1 - PRODUCTION, PUBLICATION, DISTRIBUTION, MANUFACTURE, AND COPYRIGHT NOTICE
Place of production, publication, distribution, manufacture Buenos Aires :
Name of producer, publisher, distributor, manufacturer Selección Contable
Date of production, publication, distribution, manufacture, or copyright notice 1950
300 ## - PHYSICAL DESCRIPTION
Extent 155 p.
Dimensions 20 cm.
505 ## - FORMATTED CONTENTS NOTE
Formatted contents note 1. Fundamentos - 2. La cuenta mercaderias - 3. El sistema del inventario permanente - 4. Aplicación del sistema de la permanencia de inventario - 5. Operaciones de balance - 6. Control de cuentas - 7. Ajustes - 8. El Balance - 9. Estado de pérdidas y ganancias - 10. Análisis.
590 ## - LOCAL NOTE (RLIN)
Local note niveau_biblio:m niveau_hierar:0
942 ## - ADDED ENTRY ELEMENTS (KOHA)
Koha item type
Existencias
Withdrawn status Lost status Damaged status Not for loan Home library Current library Shelving location Date acquired Total checkouts Full call number Barcode Date last seen Price effective from Koha item type
        Biblioteca Prof. Eusebio Cleto del Rey Biblioteca Prof. Eusebio Cleto del Rey   07/04/2026   657.36 C547b 5ed. L20040 07/04/2026 07/04/2026 Libro
        Biblioteca Prof. Eusebio Cleto del Rey Biblioteca Prof. Eusebio Cleto del Rey   07/04/2026   657.36 C547b 5ed. L20041 07/04/2026 07/04/2026 Libro